| 000 | 00408nam a22001337a 4500 | ||
|---|---|---|---|
| 020 | _a7119035487 | ||
| 082 |
_a926.1 _bALL |
||
| 100 | _aAllan, Ted & Gordon, Sydney | ||
| 245 |
_aThe Scalpel The Sword: _bThe Story of Dr Norman Bethune / _cTed Allan, & Sydney Gordon |
||
| 260 |
_aBeijing : _bForeign Languages Press, _c2004. |
||
| 300 |
_a330 p. ; _c24 cm. |
||
| 563 | _aHardcover. | ||
| 942 |
_2ddc _cBK |
||
| 999 |
_c611329 _d611329 |
||